|
|
|
|
| LEADER |
01585cas a2200241 a 4500 |
| 001 |
AALejournalIMF009496 |
| 008 |
230101c9999 xx r poo 0 0eng d |
| 020 |
|
|
|c 5.00 USD
|
| 020 |
|
|
|z 9781451867558
|
| 022 |
|
|
|a 1018-5941
|
| 040 |
|
|
|a BD-DhAAL
|c BD-DhAAL
|
| 100 |
1 |
|
|a Miyajima, Ken.
|
| 245 |
1 |
0 |
|a What Do We Know About Namibia's Competitiveness? /
|c Ken Miyajima.
|
| 264 |
|
1 |
|a Washington, D.C. :
|b International Monetary Fund,
|c 2007.
|
| 300 |
|
|
|a 1 online resource (30 pages)
|
| 490 |
1 |
|
|a IMF Working Papers
|
| 500 |
|
|
|a <strong>Off-Campus Access:</strong> No User ID or Password Required
|
| 500 |
|
|
|a <strong>On-Campus Access:</strong> No User ID or Password Required
|
| 506 |
|
|
|a Electronic access restricted to authorized BRAC University faculty, staff and students
|
| 520 |
3 |
|
|a This paper evaluates Namibia's competitiveness using several traditional indicators; it concludes that, while the real effective exchange rate (REER) is in equilibrium at present?suggesting no imminent need for concern?the country may wish to improve its competitiveness by increasing educational attainment, reducing the skills mismatch, and diversifying its exports. Moreover, although Namibia scores relatively well on survey-based major indicators of structural competitiveness, the business environment can be made more conducive to private sector activity.
|
| 538 |
|
|
|a Mode of access: Internet
|
| 830 |
|
0 |
|a IMF Working Papers; Working Paper ;
|v No. 2007/191
|
| 856 |
4 |
0 |
|z Full text available on IMF
|u http://elibrary.imf.org/view/journals/001/2007/191/001.2007.issue-191-en.xml
|z IMF e-Library
|